000 01934nam a22003497a 4500
999 _c21776
_d21776
003 AR-CdUCM
008 190425b ||||| |||| 00| 0 spa d
040 _aMUNICIPALIDAD PROVINCIAL DEL CUSCO
_cBIBLIOTECA MUNICIPAL DEL CUSCO
082 _aRev.Univ/N°121/1961
110 _aUniversidad Nacional de San Antonio Abad del Cusco
_915942
245 _aRevista Universitaria :
_bÓrgano de la Universidad del Cuzco /
260 _aCusco :
_bH.G. Rozas,
_c1961.
300 _a418 páginas. :
_c20 cm.
440 _aRevista Universitaria
_nAño L, 2° semestre 1961, N°121.
_946046
505 _aContenido: Pedagogía y Universidad. Julio Miranda Bernal. -- Lo mío en la estructura de la personalidad. Daniel E. Castillo. -- Precursores cuzqueños de la independencia americana. Jorge Cornejo Bouroncle. -- La universidad interamericana del Cuzco. Alfredo Yépez Miranda. -- Impresiones sobre mi viaje al Japón. Jorge Bravo Bressani. -- Monografías sobre temas de Geografía Humana. -- Historia de la pintura cuzqueña. Emilio Harth Terre. -- Suelos de ceja de montaña del departamento del Cuzco. Jorge Kuon Cabello. -- Geología de la ciudad incaica de Machupicchu y sus alrededores. Carlos Kalafatovich Valle. -- Lactayuyay memoria patria poemario. Humberto Mata.
650 _aPrecursores cusqueños
_946047
650 _aIndependencia peruana
_923196
650 _aPintura cusqueña
_97254
650 _aPintura colonial
_946048
650 _aArte colonial
_913403
650 _aArte virreinal
_946049
650 _aGeología Machupicchu
_946050
700 _aKuon Cabello, Jorge
_931347
700 _aMiranda Bernal, Julio
_9877
700 _aCornejo Bouroncle, Jorge
_915278
700 _aYépez Miranda, Alfredo
_94230
700 _aHarth Terre, Emilio
_946011
700 _aKalafatovich, Carlos
_945994
710 _aUniversidad Nacional de San Antonio Abad del Cusco
_915942
942 _2ddc
_cPP
945 _arac